000 00981nam a22002175i 4500
001 160206
003 ES-MaACL
005 20250719063318.0
008 021028s1872 sp |||| | spa d
040 _aCCPB | B
_bspa
_cCCPB | B
100 1 _aMoreno y Pozo, Adolfo,
_d1848-1897
_9130183
245 1 0 _aClínica quirúrgica
_b: (primer curso) : curso de 1871 a 1872 /
_ca cargo de Adolfo Moreno y Pozo.
260 _aMadrid :
_b[s.n.],
_c1872 (
_fImprenta Médica de la Viuda e Hijos de M. Alvarez)
300 _a48 p. ;
_c22 cm.
530 _aDisponible también en sitio web.
594 _aPrecede al título: Facultad de Medicina.
650 7 _aClínica quirúrgica
_2embne-DP
_9148887
852 _aES-MaACL
_jT-561-F-9
_z-- Enc. hol. conservando la cub. original
_z-- Enc. en un vol. facticio
856 _uhttp://bibliotecadigitalhispanica.bne.es:80/webclient/DeliveryManager?pid=1833861&custom_att_2=simple_viewer
_zIr a la página
999 _c160206
_d160206